<?xml version="1.0" encoding="UTF-8"?>
<record
    xmlns:xsi="http://www.w3.org/2001/XMLSchema-instance"
    xsi:schemaLocation="http://www.loc.gov/MARC21/slim http://www.loc.gov/standards/marcxml/schema/MARC21slim.xsd"
    xmlns="http://www.loc.gov/MARC21/slim">

  <leader>02416nam a2200385 i 4500</leader>
  <controlfield tag="001">768714001</controlfield>
  <controlfield tag="003">CO-MdFUSB</controlfield>
  <controlfield tag="005">20260406105534.0</controlfield>
  <controlfield tag="007">ta</controlfield>
  <controlfield tag="008">241104t2021    ec ||||| b||| 001 0 spa d</controlfield>
  <datafield tag="020" ind1=" " ind2=" ">
    <subfield code="a">978-9942-8860-6-4</subfield>
  </datafield>
  <datafield tag="040" ind1=" " ind2=" ">
    <subfield code="b">spa.</subfield>
    <subfield code="a">CO-MdFUSB</subfield>
    <subfield code="c">CO-MdFUSB</subfield>
    <subfield code="d">CO-MdFUSBC</subfield>
    <subfield code="e">rda</subfield>
  </datafield>
  <datafield tag="041" ind1=" " ind2=" ">
    <subfield code="a">spa</subfield>
    <subfield code="h">eng</subfield>
  </datafield>
  <datafield tag="082" ind1=" " ind2=" ">
    <subfield code="2">23</subfield>
    <subfield code="a">234</subfield>
    <subfield code="b">J67</subfield>
  </datafield>
  <datafield tag="100" ind1=" " ind2=" ">
    <subfield code="a">Johnson, Jeffrey D.</subfield>
    <subfield code="e">autor</subfield>
  </datafield>
  <datafield tag="240" ind1=" " ind2=" ">
    <subfield code="a">The fatal flaw of the theology behind infant baptism. </subfield>
  </datafield>
  <datafield tag="245" ind1="1" ind2="3">
    <subfield code="a">El defecto fatal :</subfield>
    <subfield code="b">de la teolog&#xED;a detr&#xE1;s del bautismo de infantes </subfield>
    <subfield code="c">/ Jeffrey D. Johnson ; traducido por Luis J. Torrealba</subfield>
  </datafield>
  <datafield tag="264" ind1=" " ind2="1">
    <subfield code="a">Santo Domingo, Ecuador : </subfield>
    <subfield code="b">Legado Bautista Confesional,</subfield>
    <subfield code="c">[2011]</subfield>
  </datafield>
  <datafield tag="264" ind1=" " ind2="4">
    <subfield code="c">&#xA9;2011</subfield>
  </datafield>
  <datafield tag="300" ind1=" " ind2=" ">
    <subfield code="a">363 p&#xE1;ginas</subfield>
    <subfield code="c">; 22 cm</subfield>
  </datafield>
  <datafield tag="336" ind1=" " ind2=" ">
    <subfield code="2">rdacontent</subfield>
    <subfield code="a">texto</subfield>
    <subfield code="b">txt</subfield>
  </datafield>
  <datafield tag="337" ind1=" " ind2=" ">
    <subfield code="2">rdamedia</subfield>
    <subfield code="a">sin mediaci&#xF3;n</subfield>
    <subfield code="b">n</subfield>
  </datafield>
  <datafield tag="338" ind1=" " ind2=" ">
    <subfield code="2">rdacarrier</subfield>
    <subfield code="a">volumen</subfield>
    <subfield code="b">nc</subfield>
  </datafield>
  <datafield tag="500" ind1=" " ind2=" ">
    <subfield code="a">Incluye &#xED;ndice, bibliograf&#xED;a</subfield>
  </datafield>
  <datafield tag="505" ind1=" " ind2=" ">
    <subfield code="g">Parte I:</subfield>
    <subfield code="t">El defecto fatal de la teolog&#xED;a detr&#xE1;s del bautismo de infantes:</subfield>
    <subfield code="a">Las divisiones del paido-bautismo. -- La postura que estamos criticando y por qu&#xE9; la criticamos. -- Las inferencias que apoyan el bautismo de infantes. -- El grado de analog&#xED;a entre el bautismo y la circuncisi&#xF3;n. -- Continuidad - La esencia de la teolog&#xED;a pactual paidobautista. -- La naturaleza del Antiguo Pacto. -- El Antiguo Pacto: Basado en obras. -- G&#xE1;latas 4:21-31 ense&#xF1;a discontinuidad. -- Un sistema doctrinal inconsistente. -- Reductio ad absurdum. -- El defecto fatal de la teolog&#xED;a pactual paidobautista. -- Las deficiencias del Antiguo Pacto. -- El prop&#xF3;sito del Antiguo Pacto. -- La discontinuidad entre el Antiguo y el Nuevo Pacto. -- Diferentes en cuanto a eficacia. -- La naturaleza del Nuevo Pacto. -- El significado de la circuncisi&#xF3;n.  -- El error de integrar la carne con el Esp&#xED;ritu.</subfield>
    <subfield code="g">Parte II:</subfield>
    <subfield code="t">Dicotomismo pactual: continuidad y discontinuidad de los pactos divinos: </subfield>
    <subfield code="a">Abraham. -- Los dos hijos de Abraham. --  Abraham y Mois&#xE9;s. -- Abraham y Cristo. -- Mois&#xE9;s y Cristo. -- Abraham, Mois&#xE9;s y Cristo. -- David. -- Continuidad/Discontinuidad.</subfield>
  </datafield>
  <datafield tag="563" ind1=" " ind2=" ">
    <subfield code="a">R&#xFA;stico</subfield>
  </datafield>
  <datafield tag="653" ind1=" " ind2=" ">
    <subfield code="a">Bautismo infantil</subfield>
  </datafield>
  <datafield tag="653" ind1=" " ind2=" ">
    <subfield code="a">Teolog&#xED;a del pacto</subfield>
  </datafield>
  <datafield tag="653" ind1=" " ind2=" ">
    <subfield code="a">Antiguo y Nuevo Pacto </subfield>
  </datafield>
  <datafield tag="653" ind1=" " ind2=" ">
    <subfield code="a">Cristianismo &#x2014; Doctrinas</subfield>
  </datafield>
  <datafield tag="653" ind1=" " ind2=" ">
    <subfield code="a">Teolog&#xED;a reformada</subfield>
  </datafield>
  <datafield tag="700" ind1=" " ind2=" ">
    <subfield code="a">Torrealba, Luis J,</subfield>
    <subfield code="9">8644</subfield>
    <subfield code="e">traductor</subfield>
  </datafield>
  <datafield tag="942" ind1=" " ind2=" ">
    <subfield code="c">BK</subfield>
  </datafield>
  <datafield tag="945" ind1=" " ind2=" ">
    <subfield code="a">Catherine Arias Alvarez</subfield>
  </datafield>
  <datafield tag="952" ind1=" " ind2=" ">
    <subfield code="0">0</subfield>
    <subfield code="1">0</subfield>
    <subfield code="2">ddc</subfield>
    <subfield code="3">0</subfield>
    <subfield code="4">0</subfield>
    <subfield code="7">0</subfield>
    <subfield code="8">GEN</subfield>
    <subfield code="a">FUSBC</subfield>
    <subfield code="b">FUSBC</subfield>
    <subfield code="d">2024-10-31</subfield>
    <subfield code="l">0</subfield>
    <subfield code="o">G 234 J67d</subfield>
    <subfield code="p">25240</subfield>
    <subfield code="r">2024-11-04 00:00:00</subfield>
    <subfield code="t">Ej. 1</subfield>
    <subfield code="w">2024-11-04</subfield>
    <subfield code="y">BK</subfield>
    <subfield code="B">0</subfield>
  </datafield>
  <datafield tag="999" ind1=" " ind2=" ">
    <subfield code="c">71155</subfield>
    <subfield code="d">71155</subfield>
  </datafield>
</record>
